5HLuxD.jpg

KING HENRY VIII SENIOR AND PRIMARY SCHOOL LIBRARY OPAC

A torch against the night / (Record no. 1956)

000 -LEADER
fixed length control field 01157nam a22002057a 4500
005 - DATE AND TIME OF LATEST TRANSACTION
control field 20230220153157.0
008 - FIXED-LENGTH DATA ELEMENTS--GENERAL INFORMATION
fixed length control field 230220b ||||| |||| 00| 0 eng d
020 ## - INTERNATIONAL STANDARD BOOK NUMBER
International Standard Book Number 9780008160371
040 ## - CATALOGING SOURCE
Transcribing agency KH8
082 ## - DEWEY DECIMAL CLASSIFICATION NUMBER
Classification number FIC TAH
100 ## - MAIN ENTRY--PERSONAL NAME
Personal name Sabaa Tahir
Relator term author
245 ## - TITLE STATEMENT
Title A torch against the night /
Statement of responsibility, etc. Sabaa Tahir
260 ## - PUBLICATION, DISTRIBUTION, ETC.
Place of publication, distribution, etc. London:
Name of publisher, distributor, etc. HarperVoyager,
Date of publication, distribution, etc. 2018.
300 ## - PHYSICAL DESCRIPTION
Extent 459 pages :
Other physical details maps ;
Dimensions 20 cm.
440 ## - SERIES STATEMENT/ADDED ENTRY--TITLE
Title Ember in the ashes ;
Number of part/section of a work 2
500 ## - GENERAL NOTE
General note Originally published by HarperCollins Publishers 2016<br/>Includes an excerpt from "A reaper at the gates."
520 ## - SUMMARY, ETC.
Summary, etc. Laia and Elias fight their way north to liberate Laia's brother from the horrors of Kauf Prison. Hunted by Empire soldiers, manipulated by the Commandant, and haunted by their pasts, Laia and Elias must outfox their enemies and confront the treacherousness of their own hearts. In the city of Serra, Helene Aquilla finds herself bound to the will of the Empire's twisted new leader, Marcus. When her loyalty is questioned, Helene finds herself taking on a mission to prove herself-a mission that might destroy her, instead.
650 ## - SUBJECT ADDED ENTRY--TOPICAL TERM
Topical term or geographic name entry element Fantasy fiction
942 ## - ADDED ENTRY ELEMENTS (KOHA)
Source of classification or shelving scheme
Koha item type Books - Fiction
Holdings
Withdrawn status Lost status Source of classification or shelving scheme Damaged status Not for loan Collection code Permanent Location Current Location Shelving location Date acquired Total Checkouts Full call number Barcode Date last seen Date last checked out Price effective from Koha item type
          Fiction KH8 Senior School Library KH8 Senior School Library Fiction 2023-02-20 6 FIC TAH 3KHSL000101977 2025-05-05 2025-04-18 2023-02-20 Books - Fiction

Powered By KH8 IT Dept